KOHA-Header-6

Excel Data Analysis For Dummies (Record no. 286)

000 -LEADER
fixed length control field 00321nam a2200121Ia 4500
008 - FIXED-LENGTH DATA ELEMENTS--GENERAL INFORMATION
fixed length control field 190722s9999 xx 000 0 und d
020 ## - INTERNATIONAL STANDARD BOOK NUMBER
International Standard Book Number 978-81-265-5052-4
100 ## - MAIN ENTRY--PERSONAL NAME
Personal name Nelson , Nelson
245 #0 - TITLE STATEMENT
Title Excel Data Analysis For Dummies
260 ## - PUBLICATION, DISTRIBUTION, ETC. (IMPRINT)
Place of publication, distribution, etc New Delhi
Name of publisher, distributor, etc John Wiley & Sons.Inc. (India)
Date of publication, distribution, etc 2014
300 ## - PHYSICAL DESCRIPTION
Extent 346
942 ## - ADDED ENTRY ELEMENTS (KOHA)
Koha item type Books
Holdings
Withdrawn status Lost status Damaged status Not for loan Collection code Permanent Location Current Location Shelving location Date acquired Full call number Barcode Date last seen Price effective from Koha item type
      Not For Loan Computer Science MAJU MAJU   2019-07-22 5.54 6912 2019-07-22 2019-07-22 Computer Science

Powered by Koha